000 00429nam a2200181Ia 4500
001 3323
005 20260306145635.0
008 260306t2016||||xx |||||||||||||| ||spa||
041 _aESP
082 _a269.85
_bB95
100 _aBusto Duthurburu, José Antonio del
_eAUT
245 0 _aSanta Rosa de Lima
260 _c2016
300 _a355 páginas :
_c20 cm.
650 _aGEN
654 _aCHU
942 _cLIB
_dJUS
_fJUS
_2ddc
_n
999 _c3323
_d3323